[Event "Ch RUS Women Higher League 2010"]
[Site "St. Petersburg RUS"]
[Date "2010.08.26"]
[Round "1"]
[White "Fominykh, Maria"]
[Black "Kovalevskaya, Ekaterina"]
[Result "1-0"]
[WhiteElo "2313"]
[BlackElo "2447"]
[Annotator ""]
[Source ""]
[Remark ""]

1.d4 Nf6 2.c4 e6 3.g3 d5 4.Bg2 Bb4+ 5.Bd2 Be7 6.Nf3 c6 7.O-O
O-O 8.Bf4 Nbd7 9.Qc2 Nh5 10.Bc1 f5 11.Nc3 dxc4 12.a4 Nhf6 13.Na2
Nb6 14.Rd1 Bd7 15.Ne5 Rc8 16.Bg5 c5 17.dxc5 Rxc5 18.Nxd7 Nbxd7
19.Be3 Rc7 20.Bf4 Rc5 21.Be3 Rc7 22.Nc3 a6 23.Bb6 Bc5 24.Bxc7
Qxc7 25.e3 Ne5 26.Ne2 b5 27.axb5 axb5 28.Ra6 Qc8 29.Ra5 Nfg4
30.h3 Bxe3 31.fxe3 Nxe3 32.Qc3 Nxd1 33.Qxe5 Qd7 34.Rxb5 Qa7+
35.Qd4 Qxd4+ 36.Nxd4 Kf7 37.Rb7+ Kf6 38.Rb6 Re8 39.Bf3 Ne3 40.Kf2
f4 41.gxf4 Nf5 42.Nxf5 Kxf5 43.Ke3 g6 44.Be2 1-0

[Event "Ch RUS Women Higher League 2010"]
[Site "St. Petersburg RUS"]
[Date "2010.08.26"]
[Round "1"]
[White "Romanko, Marina"]
[Black "Tomilova, Elena"]
[Result "1-0"]
[WhiteElo "2411"]
[BlackElo "2311"]
[Annotator ""]
[Source ""]
[Remark ""]

1.d4 Nf6 2.Nf3 g6 3.c4 Bg7 4.g3 c5 5.d5 d6 6.Bg2 O-O 7.O-O e6
8.Nc3 exd5 9.cxd5 Re8 10.Nd2 a6 11.a4 Nbd7 12.h3 Rb8 13.Nc4 Ne5
14.Na3 Qc7 15.Bd2 Ned7 16.Kh2 h5 17.Rb1 Nf8 18.e4 Bd7 19.a5 N6h7
20.Re1 h4 21.gxh4 Qd8 22.Bf4 Qxh4 23.Bxd6 Ng5 24.Bg3 Qh6 25.h4
Be5 26.Kg1 Nh3+ 27.Bxh3 Bxh3 28.Nc4 Bxg3 29.fxg3 g5 30.Qd2 Nh7
31.Re2 Qg6 32.Kh2 Bg4 33.Re3 Kg7 34.Rh1 Nf6 35.e5 Nh5 36.Kg1
Rbd8 37.hxg5 Qxg5 38.Re4 Qg6 39.Qe3 Bf5 40.Reh4 Qxg3+ 41.Qxg3+
Nxg3 42.R1h2 Bg6 43.Rg4 Nf5 44.e6 Rg8 45.Rhg2 Kf6 46.Ne4+ Ke7
47.exf7 Bxf7 48.d6+ Ke6 49.Nxc5+ Kd5 50.Rxg8 Bxg8 51.Nxb7 Rb8
52.d7 Kxc4 53.Rc2+ Kb5 54.Rc5+ Kb4 55.Rxf5 Be6 56.Rf4+ 1-0

[Event "Ch RUS Women Higher League 2010"]
[Site "St. Petersburg RUS"]
[Date "2010.08.26"]
[Round "1"]
[White "Manakova, Maria"]
[Black "Zaiatz, Elena"]
[Result "1-0"]
[WhiteElo "2306"]
[BlackElo "2398"]
[Annotator ""]
[Source ""]
[Remark ""]

1.e4 e5 2.Nf3 Nc6 3.Bc4 Bc5 4.c3 Nf6 5.d3 a6 6.Bb3 Ba7 7.O-O
d6 8.h3 h6 9.Re1 O-O 10.Nbd2 Be6 11.Bc2 Re8 12.Nf1 d5 13.Be3
d4 14.cxd4 Nxd4 15.Nxe5 Bxh3 16.Nxf7 Qd7 17.gxh3 Qxh3 18.Bb3
Kf8 19.Bxd4 Bxd4 20.Re3 Bxe3 21.Nxe3 Re7 22.Nh8 Ke8 23.Ng6 Rd7
24.e5 Nh7 25.Nf4 Qh4 26.Qh5+ Qxh5 27.Nxh5 Kf8 28.e6 Rd4 29.e7+ 1-0

[Event "Ch RUS Women Higher League 2010"]
[Site "St. Petersburg RUS"]
[Date "2010.08.26"]
[Round "1"]
[White "Zakurdjaeva, Irina"]
[Black "Savina, Anastasia"]
[Result "1/2-1/2"]
[WhiteElo "2280"]
[BlackElo "2392"]
[Annotator ""]
[Source ""]
[Remark ""]

1.e4 c5 2.Nf3 Nc6 3.Bb5 d6 4.O-O Bd7 5.Re1 Nf6 6.c3 a6 7.Bf1
Bg4 8.h3 Bxf3 9.Qxf3 g6 10.d3 Bg7 11.Be3 O-O 12.Nd2 Nd7 13.Qd1
b5 14.f4 b4 15.Rc1 a5 16.Nf3 a4 17.a3 bxc3 18.bxc3 Nf6 19.Qc2
Qd7 20.Rb1 Na5 21.c4 Rfb8 22.Nd2 Bh6 23.Rxb8+ Rxb8 24.Qc3 Nc6
25.e5 dxe5 26.fxe5 Bxe3+ 27.Rxe3 Qd4 28.Qxd4 cxd4 29.Re1 Nd7
30.e6 Nc5 31.exf7+ Kxf7 32.Nf3 Rb3 33.Ng5+ Kg8 34.Ne6 Nxd3 35.Bxd3
Rxd3 36.Rf1 h5 37.Rf8+ Kh7 38.Rf7+ Kh6 39.h4 Ne5 40.Rxe7 Ng4
41.Kf1 Re3 42.Re8 Kh7 43.c5 d3 44.Ng5+ Kg7 45.Rd8 Ne5 46.Rd4
Kf6 47.Ne4+ Kf5 48.Nf2 Ke6 49.Rd6+ Ke7 50.Rd4 Ke6 51.Rd6+ Ke7
52.Rd4 1/2-1/2

[Event "Ch RUS Women Higher League 2010"]
[Site "St. Petersburg RUS"]
[Date "2010.08.26"]
[Round "1"]
[White "Molchanova, Tatjana"]
[Black "Ivakhinova, Inna"]
[Result "1/2-1/2"]
[WhiteElo "2381"]
[BlackElo "2279"]
[Annotator ""]
[Source ""]
[Remark ""]

1.c4 c5 2.Nf3 Nc6 3.Nc3 e5 4.g3 g6 5.Bg2 Bg7 6.O-O Nge7 7.d3
d6 8.a3 O-O 9.Rb1 a5 10.Nb5 h6 11.Bd2 Be6 12.e4 f5 13.Qe2 Qd7
14.Ne1 g5 15.exf5 Bxf5 16.Be4 Bh3 17.Ng2 Be6 18.Ne3 Nd4 19.Nxd4
exd4 20.Nd5 Nxd5 21.cxd5 Bh3 22.Rfe1 a4 23.f4 gxf4 24.Bxf4 Rf6
25.Bg2 Bf5 26.Rbd1 b5 27.Be4 1/2-1/2

[Event "Ch RUS Women Higher League 2010"]
[Site "St. Petersburg RUS"]
[Date "2010.08.26"]
[Round "1"]
[White "Stjazhkina, Olga"]
[Black "Matveeva, Svetlana"]
[Result "1/2-1/2"]
[WhiteElo "2273"]
[BlackElo "2379"]
[Annotator ""]
[Source ""]
[Remark ""]

1.d4 e6 2.Nf3 c5 3.c3 Nf6 4.Bf4 cxd4 5.cxd4 Qb6 6.Qc2 Nc6 7.e3
Nb4 8.Qc1 Nbd5 9.Bg3 Ne4 10.Bd3 Nxg3 11.hxg3 Nb4 12.Be2 d6 13.Nc3
Bd7 14.a3 Nc6 15.b4 Rc8 16.Qd2 Be7 17.O-O O-O 18.Rfc1 a6 19.Rab1
Na7 20.a4 Qd8 21.b5 a5 22.d5 Rc5 23.Nd4 Bf6 24.Bf3 Qb6 25.Ne4
Bxd4 26.Qxd4 e5 27.Nxc5 exd4 28.Nxd7 Qd8 29.Nxf8 dxe3 30.fxe3
Qb6 31.Nd7 Qxe3+ 32.Kh1 Qh6+ 33.Kg1 Qe3+ 34.Kf1 Qd3+ 35.Kf2 Qd2+
36.Kf1 Qd3+ 37.Be2 Qf5+ 38.Kg1 Qxd7 39.b6 Nc8 40.Rc7 Qe8 41.Kf2
g6 42.Bg4 Nxb6 43.Rxb6 Qxa4 44.Rbxb7 Qxg4 45.Rxf7 Qd4+ 46.Ke2
Qe4+ 47.Kf2 Qd4+ 48.Ke2 1/2-1/2

[Event "Ch RUS Women Higher League 2010"]
[Site "St. Petersburg RUS"]
[Date "2010.08.26"]
[Round "1"]
[White "Girya, Olga"]
[Black "Gromova, Iulia"]
[Result "1-0"]
[WhiteElo "2376"]
[BlackElo "2241"]
[Annotator ""]
[Source ""]
[Remark ""]

1.d4 Nf6 2.Nf3 g6 3.Bf4 Bg7 4.e3 O-O 5.Be2 d6 6.h3 Nfd7 7.Bh2
e5 8.O-O Nc6 9.c3 b6 10.Qa4 Bb7 11.Ba6 Qc8 12.Bxb7 Qxb7 13.Nbd2
Rad8 14.Rfd1 Rfe8 15.Qc2 Qa6 16.Bg3 Ne7 17.Bh4 Rc8 18.dxe5 Nxe5
19.Nxe5 dxe5 20.Ne4 Nf5 21.Nf6+ Bxf6 22.Bxf6 Qc4 23.e4 Nd6 24.Re1
h6 25.b3 Qc6 26.Bh4 Nb5 27.Rac1 Qe6 28.Rcd1 a5 29.Rd5 Qc6 30.Rc1
Nd6 31.Bg3 f6 32.Rcd1 Kg7 33.a4 Rcd8 34.c4 Nb7 35.f4 exf4 36.Bxf4
Nd6 37.e5 Nf7 38.exf6+ Qxf6 39.Rxd8 Rxd8 40.Bxc7 Rc8 41.Bg3 Rf8
42.Qf2 Qc3 43.Rf1 1-0

[Event "Ch RUS Women Higher League 2010"]
[Site "St. Petersburg RUS"]
[Date "2010.08.26"]
[Round "1"]
[White "Shaydullina, Sandugach"]
[Black "Kovanova, Baira"]
[Result "1/2-1/2"]
[WhiteElo "2210"]
[BlackElo "2376"]
[Annotator ""]
[Source ""]
[Remark ""]

1.d4 Nf6 2.c4 e6 3.Nc3 Bb4 4.Qc2 O-O 5.e4 d5 6.e5 Ne4 7.Bd3 f5
8.exf6 Nxf6 9.Nf3 c5 10.a3 Ba5 11.O-O cxd4 12.Ne2 Nc6 13.cxd5
Qxd5 14.Bc4 Qd8 15.Rd1 Bb6 16.Nexd4 Nxd4 17.Nxd4 Nd5 18.Nf3 Qf6
19.Bg5 Qf7 20.Qb3 Qg6 21.Rd2 Bd7 22.h4 Bc6 23.Ne5 Qf5 24.Nxc6
bxc6 25.Qc2 Qg4 26.Re1 h6 27.Be7 Rfe8 28.Re4 Qf5 29.Bd6 Rad8
30.Bg3 Kh8 31.Rde2 Qg6 32.Qb3 Nf6 33.Re5 Ng4 34.h5 Qf7 35.Rxe6
Qxh5 36.Rxe8+ Rxe8 37.Rxe8+ Qxe8 38.Qd1 Qe4 39.Be2 Ne5 40.Kf1
Bd4 41.b4 Qd5 42.Qc2 a5 43.bxa5 Qxa5 44.a4 c5 45.Bb5 Qb4 46.Ke2
Ng4 47.Bd3 Ne5 48.Bb5 Ng4 49.Bc4 Qb7 50.Kf1 Qb4 51.Be6 Nf6 52.Bb3
Ne4 53.Bf4 Bxf2 54.Qd1 Bd4 55.Bc2 Nf6 56.Qd2 Qb7 57.a5 Nd5 58.Qd3
g5 59.Bd2 Qc7 60.Qf5 Nf6 61.Qg6 Qh2 62.Be4 Qh4 63.Be3 Bc3 64.Bf2
Qf4 65.Qxh6+ Kg8 66.Qg6+ Kf8 67.g3 Qe5 68.Qh6+ Ke7 69.Qg7+ Kd6
70.Qf8+ Kc7 71.Qf7+ Kd8 72.Qf8+ Kc7 73.Qf7+ Kd8 74.Qf8+ Kc7 75.Qf7+ 1/2-1/2

[Event "Ch RUS Women Higher League 2010"]
[Site "St. Petersburg RUS"]
[Date "2010.08.26"]
[Round "1"]
[White "Kashlinskaya, Alina"]
[Black "Kindinova, Ekaterina"]
[Result "0-1"]
[WhiteElo "2352"]
[BlackElo "2185"]
[Annotator ""]
[Source ""]
[Remark ""]

1.d4 Nf6 2.c4 g6 3.Nf3 Bg7 4.g3 d6 5.Nc3 O-O 6.Bg2 Nbd7 7.O-O
e5 8.e4 c6 9.h3 Re8 10.Be3 exd4 11.Nxd4 Nc5 12.Qc2 Qe7 13.Rae1
Bd7 14.Nb3 Na6 15.f4 Be6 16.Nd2 Nb4 17.Qb1 a5 18.g4 Bxg4 19.hxg4
Nxg4 20.Bb6 Ra6 21.Qd1 h5 22.Bf2 Nxf2 23.Rxf2 Nd3 24.Nf3 Nxe1
25.Qxe1 a4 26.e5 dxe5 27.fxe5 Raa8 28.Re2 Qc5+ 29.Kh1 Qxc4 30.Re4
Qd3 31.Ng5 Rad8 32.e6 f5 33.Bf1 Qd2 34.Bc4 Qxe1+ 35.Rxe1 Rd4
36.b3 Rh4+ 37.Kg2 Rg4+ 38.Kf3 b5 39.Nxb5 cxb5 40.Bxb5 Re7 41.Nf7
axb3 42.axb3 Re4 43.Rd1 R4xe6 44.Ng5 Re3+ 45.Kf2 Bf6 46.Nf3 Kg7
47.Bc4 g5 48.Rg1 g4 0-1

[Event "Ch RUS Women Higher League 2010"]
[Site "St. Petersburg RUS"]
[Date "2010.08.26"]
[Round "1"]
[White "Bezgodova, Maria"]
[Black "Nebolsina, Vera"]
[Result "1/2-1/2"]
[WhiteElo "2170"]
[BlackElo "2349"]
[Annotator ""]
[Source ""]
[Remark ""]

1.e4 e5 2.Nf3 Nf6 3.Nc3 Nc6 4.Bb5 Nd4 5.Nxd4 exd4 6.e5 dxc3 7.exf6
Qxf6 8.dxc3 Bc5 9.Qe2+ Qe7 10.Qxe7+ Kxe7 11.O-O d6 12.Re1+ Kf6
13.Bd3 Bd7 14.b3 Rhe8 15.Bb2 g6 16.Be4 Rab8 17.b4 Bb6 18.c4+
Kg5 19.Rad1 f5 20.Bd5 Ba4 21.Bc1+ Kf6 22.Bb2+ Kg5 23.Bc1+ Kf6
24.Bb2+ 1/2-1/2

[Event "Ch RUS Women Higher League 2010"]
[Site "St. Petersburg RUS"]
[Date "2010.08.26"]
[Round "1"]
[White "Paikidze, Nazi"]
[Black "Belenkaya, Dina"]
[Result "1-0"]
[WhiteElo "2346"]
[BlackElo "2135"]
[Annotator ""]
[Source ""]
[Remark ""]

1.e4 c6 2.d4 d5 3.Nc3 dxe4 4.Nxe4 Bf5 5.Ng3 Bg6 6.h4 h6 7.Nf3
Nd7 8.h5 Bh7 9.Bd3 Bxd3 10.Qxd3 Ngf6 11.Bd2 e6 12.O-O-O Qc7 13.Ne4
Nxe4 14.Qxe4 Nf6 15.Qe2 Be7 16.Ne5 O-O 17.g4 Nh7 18.Rhe1 Bf6
19.f4 c5 20.dxc5 Rfc8 21.Bb4 Nf8 22.Kb1 Rab8 23.Bc3 Qxc5 24.Rg1
Rd8 25.Nd3 Qe7 26.Bb4 Qc7 27.g5 hxg5 28.fxg5 Bd4 29.Rg4 Rd7 30.h6
g6 31.Rxd4 Rxd4 32.Bc3 Rbd8 33.Rf1 Nh7 34.a3 R8d5 35.Bxd4 Rxd4
36.Ne5 Nxg5 37.h7+ Kh8 38.Qh2 Qd6 39.Rxf7 Rd1+ 40.Ka2 Qd5+ 41.c4 1-0

[Event "Ch RUS Women Higher League 2010"]
[Site "St. Petersburg RUS"]
[Date "2010.08.26"]
[Round "1"]
[White "Bezgodova, Svetlana"]
[Black "Severiukhina, Zoja"]
[Result "0-1"]
[WhiteElo "2114"]
[BlackElo "2341"]
[Annotator ""]
[Source ""]
[Remark ""]

1.Nf3 Nf6 2.g3 b5 3.Bg2 Bb7 4.O-O e6 5.d3 d5 6.Nbd2 Be7 7.e4
c5 8.Re1 Nc6 9.e5 Nd7 10.Nf1 Qc7 11.Qe2 a5 12.h4 h6 13.N1h2 a4
14.a3 Ba6 15.Ng4 Nb6 16.Bf4 b4 17.h5 Rc8 18.Ne3 c4 19.dxc4 bxa3
20.bxa3 d4 21.Nf1 Bxc4 22.Qd1 O-O 23.N1d2 Rfd8 24.Nxc4 Nxc4 25.Qc1
Qa5 26.Bf1 Qc3 27.Nh2 d3 28.cxd3 Qxc1 29.Raxc1 Nxa3 30.Re4 Nb4
31.Ra1 Nbc2 32.Ra2 Rd4 33.Nf3 Rxe4 34.dxe4 Rc3 35.Be2 Bc5 36.Kf1
Nb4 37.Rd2 Nac2 38.Rd8+ Kh7 39.Bd2 Rb3 40.Nh4 a3 41.Bc4 a2 42.Bxe6
a1Q+ 43.Kg2 Rxg3+ 44.fxg3 Qg1+ 45.Kh3 Qh1+ 46.Kg4 Qxe4+ 47.Kh3
Qh1+ 48.Kg4 Qd1+ 49.Kh3 fxe6 0-1

[Event "Ch RUS Women Higher League 2010"]
[Site "St. Petersburg RUS"]
[Date "2010.08.26"]
[Round "1"]
[White "Pustovoitova, Daria"]
[Black "Dogodkina, Julia"]
[Result "0-1"]
[WhiteElo "2338"]
[BlackElo "2102"]
[Annotator ""]
[Source ""]
[Remark ""]

1.d4 Nf6 2.Bg5 e6 3.e4 h6 4.Bxf6 Qxf6 5.Nc3 Bb4 6.Qd3 O-O 7.O-O-O
d6 8.g3 Nc6 9.f4 a6 10.Bg2 Ba5 11.Nge2 Qe7 12.e5 Nb4 13.Qe3 c6
14.Ne4 Nd5 15.Qa3 Bb4 16.Qb3 dxe5 17.fxe5 b5 18.Nf4 Bb7 19.a3
Ba5 20.Nh5 Bd8 21.Rhf1 Qc7 22.Qf3 c5 23.Nxc5 b4 24.Nxe6 Bg5+
25.Nxg5 hxg5 26.Rd2 Rab8 27.axb4 Nxb4 28.Qe3 Bxg2 29.Rxg2 Na2+
30.Kb1 Nc3+ 31.Kc1 Na2+ 32.Kb1 Nc3+ 33.Kc1 Rxb2 34.Kxb2 Rb8+
35.Kc1 Rb1+ 36.Kd2 Rxf1 37.Rg1 Nb1+ 38.Ke2 Qc4+ 0-1

[Event "Ch RUS Women Higher League 2010"]
[Site "St. Petersburg RUS"]
[Date "2010.08.26"]
[Round "1"]
[White "Markelova, Lubov"]
[Black "Demina, Julia"]
[Result "1/2-1/2"]
[WhiteElo "2075"]
[BlackElo "2336"]
[Annotator ""]
[Source ""]
[Remark ""]

1.Nf3 Nf6 2.c4 e6 3.Nc3 Bb4 4.Qc2 c5 5.a3 Ba5 6.d4 cxd4 7.Nxd4
d5 8.cxd5 Nxd5 9.b4 Bb6 10.Nxd5 exd5 11.Bb2 O-O 12.e3 a5 13.Bd3
h6 14.O-O axb4 15.axb4 Rxa1 16.Bxa1 Na6 17.Qb2 Qf6 18.Qe2 Qg5
19.Nf3 Qe7 20.Qb2 f5 21.Bxa6 bxa6 22.Ne5 Rf6 23.Qd2 Bb7 24.Bd4
Bc7 25.Nd3 Rg6 26.Nc5 Bxh2+ 27.Kxh2 Qh4+ 28.Kg1 Rxg2+ 29.Kxg2
Qg4+ 30.Kh2 Qh4+ 31.Kg2 Qg4+ 32.Kh2 Qh4+ 33.Kg2 1/2-1/2

[Event "Ch RUS Women Higher League 2010"]
[Site "St. Petersburg RUS"]
[Date "2010.08.27"]
[Round "2"]
[White "Severiukhina, Zoja"]
[Black "Romanko, Marina"]
[Result "1-0"]
[WhiteElo "2341"]
[BlackElo "2411"]
[Annotator ""]
[Source ""]
[Remark ""]

1.e4 c5 2.Nf3 d6 3.d4 cxd4 4.Nxd4 Nf6 5.Nc3 a6 6.Be3 e5 7.Nb3
Be6 8.Qd2 Be7 9.O-O-O O-O 10.f4 Nc6 11.f5 Bxb3 12.cxb3 Ng4 13.Kb1
Nxe3 14.Qxe3 b5 15.h4 Rb8 16.g4 Qd7 17.Nd5 f6 18.g5 Kh8 19.Bh3
Qb7 20.Rhg1 Bd8 21.Rg2 a5 22.gxf6 Bxf6 23.h5 Ne7 24.h6 gxh6 25.Qxh6
Nxd5 26.Rxd5 a4 27.Rg6 Qe7 28.Bf1 axb3 29.axb3 b4 30.Bc4 Bg7
31.Re6 Bxh6 32.Rxe7 Rf6 33.Rd7 Bf8 34.Ra5 h5 35.Raa7 Rh6 36.f6
d5 37.Bxd5 h4 38.Be6 Bc5 39.Rac7 Bb6 40.Rb7 Rxb7 41.Rxb7 Rxf6
42.Rxb6 Kg7 43.Rb7+ Kh6 44.Bf5 Kg5 45.Rg7+ 1-0

[Event "Ch RUS Women Higher League 2010"]
[Site "St. Petersburg RUS"]
[Date "2010.08.27"]
[Round "2"]
[White "Fominykh, Maria"]
[Black "Girya, Olga"]
[Result "1/2-1/2"]
[WhiteElo "2313"]
[BlackElo "2376"]
[Annotator ""]
[Source ""]
[Remark ""]

1.d4 d5 2.c4 c6 3.Nf3 Nf6 4.Qc2 dxc4 5.Qxc4 Bg4 6.Nbd2 Nbd7 7.g3
e6 8.Bg2 Bh5 9.O-O Be7 10.Re1 O-O 11.b3 Rc8 12.Ne5 Qa5 13.Nxd7
Nxd7 14.Qd3 Rfd8 15.Bb2 Nf6 16.a3 Bg6 17.Qc3 Qxc3 18.Bxc3 c5
19.Bxb7 Rb8 20.Ba6 cxd4 21.Ba5 Rd7 22.Rec1 Bd8 23.Bb4 Nd5 24.Bc5
Bb6 25.Nf3 Bxc5 26.Rxc5 Rd6 27.Bb5 Nc3 28.Bc4 h6 29.Ne5 Be4 30.Rc7
f6 31.Nd7 Re8 32.Nc5 Bd5 33.Bd3 Rc6 34.Rxc6 Bxc6 35.Kf1 Bd5 36.Rc1
e5 37.Bg6 Rb8 38.b4 Bc4 39.Bd3 Bxd3 40.Nxd3 Kf7 41.e3 a5 42.exd4
exd4 43.bxa5 Ra8 44.Nb4 Rxa5 45.Nc6 Ke8 1/2-1/2

[Event "Ch RUS Women Higher League 2010"]
[Site "St. Petersburg RUS"]
[Date "2010.08.27"]
[Round "2"]
[White "Kindinova, Ekaterina"]
[Black "Stepovaia, Tatiana"]
[Result "0-1"]
[WhiteElo "2185"]
[BlackElo "2375"]
[Annotator ""]
[Source ""]
[Remark ""]

1.e4 c5 2.Nf3 e6 3.d4 cxd4 4.Nxd4 Nc6 5.Nc3 Qc7 6.Be2 a6 7.O-O
b5 8.Nxc6 dxc6 9.Be3 Bb7 10.f4 Be7 11.Qe1 c5 12.f5 Nf6 13.fxe6
fxe6 14.Bf4 e5 15.Bg5 O-O 16.Bf3 b4 17.Bxf6 bxc3 18.Bxe7 cxb2
19.Bxf8 bxa1Q 20.Qxa1 Rxf8 21.Qc3 g6 22.Qc4+ Kg7 23.Rd1 Rf6 24.Rd3
Rd6 25.h4 Rxd3 26.cxd3 Qd6 27.Kh2 Bc8 28.Qc1 Qe7 29.Qg5 Qd6 30.h5
Be6 31.a3 Bf7 32.h6+ Kf8 33.Kg3 Bb3 34.Be2 Kf7 35.Kh4 Qf6 36.Qxf6+
Kxf6 37.Kg3 Kg5 38.Kf3 Kxh6 39.Ke3 Kg5 40.Bf3 h5 41.Be2 Bf7 42.Bd1
Kf6 43.Kf3 g5 44.Kg3 h4+ 45.Kg4 Be8 46.Bb3 Bb5 47.Bc2 Kg6 48.Kf3
Bd7 49.Bb3 g4+ 50.Kf2 g3+ 51.Kf3 Kg5 52.Ke3 h3 53.gxh3 Kh4 0-1

[Event "Ch RUS Women Higher League 2010"]
[Site "St. Petersburg RUS"]
[Date "2010.08.27"]
[Round "2"]
[White "Shadrina, Tatiana"]
[Black "Manakova, Maria"]
[Result "0-1"]
[WhiteElo "2374"]
[BlackElo "2306"]
[Annotator ""]
[Source ""]
[Remark ""]

1.e4 c5 2.Nf3 Nc6 3.Bb5 g6 4.Bxc6 dxc6 5.d3 Bg7 6.h3 b6 7.O-O
Nh6 8.Nc3 f6 9.d4 Ba6 10.Re1 cxd4 11.Qxd4 O-O 12.Qa4 Bb7 13.Nd4
Qc8 14.Qb3+ Rf7 15.Ne6 c5 16.Nxg7 c4 17.Qb4 Kxg7 18.Bf4 g5 19.Be3
Qc6 20.f3 Ng8 21.a4 Bc8 22.a5 Rb8 23.axb6 axb6 24.Red1 h5 25.Qb5
Qxb5 26.Nxb5 g4 27.h4 Rf8 28.Ra7 Kg6 29.Kf2 f5 30.Bf4 Rb7 31.exf5+
Rxf5 32.Ra8 Rxf4 33.Rxc8 Nf6 34.Rd4 Rf5 35.Nc3 b5 36.Ne2 gxf3
37.gxf3 e5 38.Rd6 Kh7 39.Rdc6 Rf7 40.Ke3 Nd5+ 41.Ke4 Ne7 42.Ng3
Rxf3 43.Ne2 Nxc8 44.Rxc8 Rf2 45.Nc3 b4 46.Nb5 R7f4+ 47.Kd5 Rxh4
48.Nd6 Rxc2 49.Nf5 Rg4 50.Rc7+ Kg6 51.Ke6 Kg5 52.Ne3 Rxb2 53.Nxg4
hxg4 54.Rxc4 b3 55.Kxe5 Re2+ 56.Kd4 b2 0-1

[Event "Ch RUS Women Higher League 2010"]
[Site "St. Petersburg RUS"]
[Date "2010.08.27"]
[Round "2"]
[White "Dogodkina, Julia"]
[Black "Paikidze, Nazi"]
[Result "0-1"]
[WhiteElo "2102"]
[BlackElo "2346"]
[Annotator ""]
[Source ""]
[Remark ""]

1.e4 c6 2.d4 d5 3.e5 Bf5 4.c4 e6 5.Nc3 Ne7 6.a3 dxc4 7.Bxc4 Nd7
8.Nge2 Nb6 9.Bb3 Qd7 10.O-O Bg6 11.f3 Ned5 12.Ne4 Be7 13.Bd2
O-O 14.Rc1 Rfd8 15.N2g3 Nc7 16.Be3 a5 17.Qe2 a4 18.Ba2 Nbd5 19.Bf2
Na6 20.Qc4 Nf4 21.Bb1 h5 22.Rfe1 Nc7 23.Ne2 Nxe2+ 24.Rxe2 Nd5
25.g3 b5 26.Qd3 Qb7 27.f4 c5 28.Qf3 cxd4 29.Bxd4 Rac8 30.Rf1
Rc4 31.Be3 Qc6 32.f5 exf5 33.Nd6 Bxd6 34.exd6 Nxe3 35.Qxc6 Rxc6
36.Rxe3 Rdxd6 37.Re8+ Kh7 38.h3 Rd2 39.Re5 Rxb2 40.Bxf5 Bxf5
41.Rexf5 Rcc2 42.R1f3 Rc1+ 43.Rf1 Rxf1+ 44.Kxf1 b4 0-1

[Event "Ch RUS Women Higher League 2010"]
[Site "St. Petersburg RUS"]
[Date "2010.08.27"]
[Round "2"]
[White "Ivakhinova, Inna"]
[Black "Bodnaruk, Anastasia"]
[Result "0-1"]
[WhiteElo "2279"]
[BlackElo "2397"]
[Annotator ""]
[Source ""]
[Remark ""]

1.d4 Nf6 2.c4 g6 3.Nc3 Bg7 4.e4 d6 5.Be2 O-O 6.Be3 e5 7.Nf3 c6
8.Qd2 Qe7 9.dxe5 dxe5 10.Rd1 Ng4 11.Bg5 f6 12.Bh4 h5 13.h3 Nh6
14.Qd6 Qf7 15.Bg3 Na6 16.O-O Re8 17.Qd2 Be6 18.b3 g5 19.a3 Kh8
20.Qd3 Qg6 21.b4 Nf7 22.c5 Nc7 23.Qc2 Nd5 24.Nxd5 cxd5 25.Bb5
Re7 26.Bd3 dxe4 27.Bxe4 f5 28.Bd5 Bxd5 29.Rxd5 Qe6 30.Rfd1 e4
31.Ne1 f4 32.Bh2 h4 33.Qe2 Bf6 34.Nc2 Kg7 35.R5d2 Rae8 36.Nd4
Bxd4 37.Rxd4 e3 38.R4d3 Qf6 39.fxe3 Rxe3 40.Qf1 Re2 41.Kh1 Nh6
42.Rd7+ Kg8 43.Bg1 Nf5 44.Qf3 Qe6 45.Kh2 Ng3 46.R1d5 Re5 47.Rd1
Kf8 48.Qxb7 Re2 49.Rh7 Qg8 50.Rhd7 g4 51.Qc6 R2e6 52.Qc7 Ne2
53.Rf1 Qg5 54.Rf7+ Kg8 55.Rh7 Qg6 56.Rxh4 gxh3 57.Rxh3 Qe4 58.Rh4
R6e7 59.Qd6 Rg7 60.Rf2 Nxg1 61.Qxf4 Qxf4+ 62.Rfxf4 Ne2 63.Rfg4 0-1

[Event "Ch RUS Women Higher League 2010"]
[Site "St. Petersburg RUS"]
[Date "2010.08.27"]
[Round "2"]
[White "Savina, Anastasia"]
[Black "Stjazhkina, Olga"]
[Result "1/2-1/2"]
[WhiteElo "2392"]
[BlackElo "2210"]
[Annotator ""]
[Source ""]
[Remark ""]

1.d4 d5 2.c4 dxc4 3.Nf3 a6 4.e3 Bg4 5.Bxc4 e6 6.h3 Bh5 7.O-O
Nf6 8.b3 c5 9.Be2 Nc6 10.Bb2 Be7 11.Nbd2 O-O 12.Rc1 cxd4 13.Nxd4
Bxe2 14.Qxe2 Nxd4 15.Bxd4 Rc8 16.Rxc8 Qxc8 17.Nc4 Qc6 18.Ne5
Qd5 19.Rc1 Nd7 20.Qc4 Qxc4 21.Rxc4 Nxe5 22.Bxe5 f6 23.Bg3 Bd8
24.Rd4 Ba5 25.Ra4 Bd8 26.Rd4 Ba5 27.Ra4 1/2-1/2

[Event "Ch RUS Women Higher League 2010"]
[Site "St. Petersburg RUS"]
[Date "2010.08.27"]
[Round "2"]
[White "Kharashuta, Ekaterina"]
[Black "Molchanova, Tatjana"]
[Result "1/2-1/2"]
[WhiteElo "2298"]
[BlackElo "2381"]
[Annotator ""]
[Source ""]
[Remark ""]

1.Nf3 Nf6 2.g3 g6 3.Bg2 Bg7 4.O-O O-O 5.d4 d6 6.c4 Nc6 7.Nc3
Bf5 8.d5 Na5 9.Nd2 c6 10.h3 cxd5 11.cxd5 Rc8 12.Kh2 h6 13.Nb3
Kh7 14.Nd4 Bd7 15.e3 Qb6 16.Nce2 e5 17.dxe6 fxe6 18.Bd2 e5 19.Bxa5
Qxa5 20.Nb3 Qb6 21.Nc3 Be6 22.Qd2 Bc4 23.Rfd1 d5 24.f4 exf4 25.exf4
Rcd8 26.Re1 Rfe8 27.Qc2 d4 28.Ne4 Bxb3 29.Qxb3 Qxb3 30.axb3 d3
31.Nxf6+ Bxf6 32.Rxe8 Rxe8 33.Rd1 Rd8 34.Rd2 Bxb2 35.Bf1 Bc3
36.Rxd3 Rxd3 37.Bxd3 1/2-1/2

[Event "Ch RUS Women Higher League 2010"]
[Site "St. Petersburg RUS"]
[Date "2010.08.27"]
[Round "2"]
[White "Kovanova, Baira"]
[Black "Bezgodova, Maria"]
[Result "1/2-1/2"]
[WhiteElo "2376"]
[BlackElo "2170"]
[Annotator ""]
[Source ""]
[Remark ""]

1.e4 e5 2.Nf3 Nc6 3.Bb5 a6 4.Ba4 Nf6 5.d3 d6 6.c3 g6 7.O-O Bg7
8.Re1 O-O 9.Nbd2 Nh5 10.h3 Be6 11.Nf1 b5 12.Bc2 d5 13.Be3 d4
14.cxd4 Nxd4 15.Nxd4 exd4 16.Bd2 Be5 17.Nh2 c5 18.Nf3 f6 19.Qc1
Qc7 20.a4 c4 21.Bh6 Rfd8 22.Nxe5 fxe5 23.Bd1 Ng7 24.f4 Rac8 25.axb5
axb5 26.fxe5 Qxe5 27.Ra7 Rd7 28.Ra6 Rf7 29.Bxg7 Kxg7 30.Rxe6
Qxe6 31.Bg4 Qe8 32.Bxc8 Qxc8 33.Qd2 Qc5 34.dxc4 bxc4 35.Kh1 Qe5
36.Qc2 1/2-1/2

[Event "Ch RUS Women Higher League 2010"]
[Site "St. Petersburg RUS"]
[Date "2010.08.27"]
[Round "2"]
[White "Demina, Julia"]
[Black "Shaydullina, Sandugach"]
[Result "0-1"]
[WhiteElo "2336"]
[BlackElo "2210"]
[Annotator ""]
[Source ""]
[Remark ""]

1.Nf3 d5 2.e3 Nf6 3.c4 dxc4 4.Bxc4 e6 5.d4 a6 6.O-O b5 7.Bd3
Bb7 8.Qe2 Nbd7 9.e4 c5 10.e5 Nd5 11.a4 b4 12.Bg5 Qb8 13.Re1 h6
14.Bd2 Qa7 15.Qe4 cxd4 16.Qxd4 Qxd4 17.Nxd4 Rc8 18.Nb3 Nc5 19.Nxc5
Bxc5 20.Bc1 Ke7 21.Nd2 Nf4 22.Bf1 Rhd8 23.Ne4 Nd3 24.Bxd3 Rxd3
25.Nxc5 Rxc5 26.h4 Rc2 27.a5 Rd4 28.g3 Rdc4 29.Be3 Rxb2 30.Rac1
Rxc1 31.Rxc1 Kd7 32.Bb6 Bc6 33.Kf1 b3 34.Ke1 h5 35.Bd4 Ra2 36.Ra1
Rc2 37.Rb1 Bd5 38.Rb2 Rc4 39.Rd2 Kc6 40.f4 Kb5 41.Bb2 Kxa5 42.f5
Kb4 43.fxe6 fxe6 0-1

[Event "Ch RUS Women Higher League 2010"]
[Site "St. Petersburg RUS"]
[Date "2010.08.27"]
[Round "2"]
[White "Kovalevskaya, Ekaterina"]
[Black "Gromova, Iulia"]
[Result "1/2-1/2"]
[WhiteElo "2447"]
[BlackElo "2241"]
[Annotator ""]
[Source ""]
[Remark ""]

1.Nf3 Nf6 2.g3 g6 3.Bg2 Bg7 4.O-O O-O 5.d4 d5 6.c4 c6 7.cxd5
cxd5 8.Nc3 Nc6 9.Ne5 Bf5 10.Nxc6 bxc6 11.Bf4 Qc8 12.Rc1 Bh3 13.Be5
Bxg2 14.Kxg2 Qa6 15.Qa4 Qb7 16.Qa3 Bh6 17.Rc2 Nh5 18.g4 Nf4+
19.Bxf4 Bxf4 20.Na4 Qc8 21.Qf3 Bh6 22.h4 Rb8 23.e3 e5 24.Nc3
Qe6 25.Ne2 Bg7 26.Rfc1 Rb6 27.b3 Re8 28.dxe5 Bxe5 29.g5 Qd7 30.Qh3
Qd6 31.h5 d4 32.exd4 Bxd4 33.Nxd4 Qxd4 34.hxg6 hxg6 35.Kf1 Qe5
36.Rc5 Qe2+ 37.Kg2 Rb4 38.R1c4 Rxc4 39.Rxc4 Re5 40.Qg3 Rf5 41.Rh4
Qb5 42.Rg4 Qd5+ 43.Kh2 Qc5 44.Kg2 Qd5+ 45.Kh2 Qc5 1/2-1/2

[Event "Ch RUS Women Higher League 2010"]
[Site "St. Petersburg RUS"]
[Date "2010.08.27"]
[Round "2"]
[White "Zaiatz, Elena"]
[Black "Avdeenko, Tatiana"]
[Result "1-0"]
[WhiteElo "2398"]
[BlackElo "2187"]
[Annotator ""]
[Source ""]
[Remark ""]

1.d4 d6 2.Nf3 Nf6 3.g3 Nbd7 4.c4 e5 5.Nc3 Be7 6.Bg2 O-O 7.O-O
c6 8.Qc2 Re8 9.Rd1 Qc7 10.h3 Bf8 11.e4 a6 12.a4 a5 13.Be3 exd4
14.Nxd4 Nc5 15.Nde2 Qb6 16.Nd4 Bd7 17.Rab1 Qd8 18.g4 g6 19.Nde2
Na6 20.Ng3 h6 21.Qd2 Kh7 22.b3 Nc7 23.f4 Ng8 24.e5 Re6 25.Nge4
Ne8 26.exd6 f5 27.gxf5 gxf5 28.Ng3 Rxd6 29.Qf2 Qh4 30.Qf3 Be6
31.Rxd6 Bxd6 32.Nce2 Qe7 33.Nd4 Ng7 34.Nxe6 Qxe6 35.Bd4 Bf8 36.Qc3
Qg6 37.Kh2 Rd8 38.Be5 Bb4 39.Qf3 Rd2 40.Rd1 Nf6 41.Rxd2 Bxd2
42.Qd1 Bb4 43.Bf3 Ne4 44.Bxe4 fxe4 45.Qd7 e3 46.f5 Qg5 47.f6
e2 48.Qd3+ Qg6 49.Qxg6+ Kxg6 50.fxg7 1-0